|
|
|
|
| LEADER |
00576nam a22001697a 4500 |
| 003 |
OSt |
| 005 |
20200624134627.0 |
| 008 |
160412b xxu||||| |||| 00| 0 eng d |
| 082 |
|
|
|a 516.3 ABD/V
|
| 100 |
|
|
|a Abdulla, P.
|
| 245 |
|
|
|a Visleshaka jyamithi/
|c P. Abdulla
|
| 260 |
|
|
|a Trivandrum:
|b State Institute of Languages,
|c 1988
|
| 300 |
|
|
|a 313p.
|
| 500 |
|
|
|a (Malayalam) Analytical geometry
|
| 942 |
|
|
|2 ddc
|c BK
|
| 999 |
|
|
|c 328329
|d 328329
|
| 952 |
|
|
|0 0
|1 0
|2 ddc
|4 0
|6 516_300000000000000_ABD_V
|7 0
|9 374916
|a CSC
|b CSC
|c ST1
|d 2016-04-12
|i 8920
|l 0
|o 516.3 ABD/V
|p CSC8920
|r 2016-04-12
|w 2016-04-12
|y BK
|